| 000 | 00700cam a22002171 4500 | ||
|---|---|---|---|
| 001 | he 67002334 | ||
| 003 | DLC | ||
| 005 | 20260227111451.0 | ||
| 008 | 880623s1683 gw 000 0 hebr | ||
| 010 | _ahe 67002334 | ||
| 035 | _a(OCoLC)18126802 | ||
| 040 |
_aDLC _cCoDU _dCoDU _dDLC |
||
| 042 | _apremarc | ||
| 050 | 0 | 0 |
_aBM522.59 _b.A52 |
| 100 | 1 |
_aKaidanover, Aaron Samuel, _d1614-1676. |
|
| 240 | 1 | 0 | _aEmunat Shemuʼel |
| 245 | 1 | 0 |
_aSefer Emunat shemuʼel ... _bsheʼelot u-teshuvot leha-Gaʼon Aharon Shemuʼel Ḳaidanover. _cṾe-huva le-vet ha-defus ʻa.y. Tsevi Ḳaidanover. |
| 260 |
_aṾranḳvurṭ de-Main, _c443 [1683] |
||
| 300 |
_a64 l. _c20 cm. |
||
| 650 | 0 |
_aResponsa _y1600-1800. |
|
| 999 |
_c32777 _d32777 |
||